| 000 | 00388nam a22001337a 4500 | ||
|---|---|---|---|
| 020 | _a0-9634030-6-0 | ||
| 082 | _a658.562 OMA'P | ||
| 100 |
_aROSS, JOEL E , OMACHONU, VINCENT K _967743 |
||
| 245 | _aPRINCIPLE OF TOTAL QUALITY | ||
| 260 |
_aUSA _bST.LUCIE _c1994 |
||
| 300 | _aXIV,386P | ||
| 650 |
_aTOTAL QUALITY MANAGEMENT QUALITY CONTROL QUALITY CONTROL-STANDARDS _967744 |
||
| 942 | _cBK | ||
| 999 |
_c575452 _d575452 |
||